مصر فى عهد فؤاد الأول محلى ٤٥٠ صورة لعظماء رجال مصر
محفوظ في:
المؤلف الرئيسي:
التنسيق: كتاب
اللغة: Undetermined
منشور في:
Al-Qāhirah
Dar al-thaqafa
الوسوم: إضافة وسم
لا توجد وسوم, كن أول من يضع وسما على هذه التسجيلة!
رقم الطلب: N33 THAB
| LEADER | 00388nam a2200121Ia 4500 | ||
|---|---|---|---|
| 008 | 240404s9999||||xx |||||||||||||| ||und|| | ||
| 050 | 4 | |a N33 THAB | |
| 100 | 1 | |a على السيد. | |
| 245 | 1 | 0 | |a مصر فى عهد فؤاد الأول محلى ٤٥٠ صورة لعظماء رجال مصر |c على السيد |
| 264 | 1 | |a Al-Qāhirah |b Dar al-thaqafa | |
| 300 | |a 248 |c 23 | ||
| 942 | |2 lcc |c BK | ||
| 999 | |c 58097 |d 58097 | ||
